Harry Potter And The Cursed Child (Record no. 586202)
[ view plain ]
| 000 -LEADER | |
|---|---|
| fixed length control field | 00361nam a22001337a 4500 |
| 020 ## - INTERNATIONAL STANDARD BOOK NUMBER | |
| International Standard Book Number | 9780751565355 |
| 040 ## - CATALOGING SOURCE | |
| Transcribing agency | NUST |
| 082 ## - DEWEY DECIMAL CLASSIFICATION NUMBER | |
| Classification number | 823 |
| Author Mark | HAR |
| 100 ## - MAIN ENTRY--PERSONAL NAME | |
| Personal name | Rowling, J K |
| 9 (RLIN) | 11309 |
| 110 ## - MAIN ENTRY--CORPORATE NAME | |
| Corporate name or jurisdiction name as entry element | Throne, Jack Tiffany, John |
| 9 (RLIN) | 81714 |
| 245 ## - TITLE STATEMENT | |
| Title | Harry Potter And The Cursed Child |
| 260 ## - PUBLICATION, DISTRIBUTION, ETC. | |
| Place of publication, distribution, etc. | London: |
| Name of publisher, distributor, etc. | Little Brown And Company Hachette, |
| Date of publication, distribution, etc. | 2016. |
| 942 ## - ADDED ENTRY ELEMENTS (KOHA) | |
| Source of classification or shelving scheme | |
| Koha item type | Book |
| Withdrawn status | Lost status | Source of classification or shelving scheme | Damaged status | Not for loan | Permanent Location | Current Location | Shelving location | Date acquired | Total Checkouts | Full call number | Barcode | Checked out | Date last seen | Date last checked out | Price effective from | Koha item type |
|---|---|---|---|---|---|---|---|---|---|---|---|---|---|---|---|---|
| College of Electrical & Mechanical Engineering (CEME) | College of Electrical & Mechanical Engineering (CEME) | General Stacks | 08/25/2021 | 2 | 823 HAR | CEME-50364 | 05/13/2026 | 04/13/2026 | 04/13/2026 | 08/25/2021 | Book |
